Les grands événements de 2004 - Statistiques

Statistiques générales
  • Ce quiz a été pris 17 fois
  • Le résultat moyen est 4 sur 15
Statistiques - réponses
Hint Extra Hint Réponse % Correct
Tsunami dans l'Océan Indien - 250000 morts Inde / Thaïlande / Sri Lanka... 26 décembre
75%
Grégory Lemarchal remporte la Star academy France 22 décembre
44%
Naissance de Wejdene France 23 avril
38%
La Chine entre dans l'année du singe Chine 22 janvier
31%
Mort Sacha Distel et Serge Reggiani France 22 juillet
31%
Ouverture des JO d'Athènes Grèce 13 août
25%
Ouragan Jeanne - 1000 disparus et 700 morts Haïti 18 septembre
25%
Sortie du film Les Choristes France 17 mars
19%
Mort de Ronald Reagan Etats-Unis 5 juin
19%
Baptême du Queen Mary II France / Royaume-Uni 8 janvier
19%
Lancement de Google maps Etats-Unis / Canada 1er février
13%
Mort de Marlon Brando Etats-Unis 1er juillet
13%
Mort de Françoise Sagan France 24 septembre
13%
Lancement de Facebook Etats-Unis 4 février
13%
Lancement de la sonde Rosetta 2 mars
6%
Aucun quiz correspondant
Distribution des résultats
% des personnes avec chaque résultat
Percentile par nombre de réponses
Votre historique - résultats
Vous n’avez pas pris ce quiz